| 000 | 01044cam a2200313 a 4500 | ||
|---|---|---|---|
| 999 |
_c848 _d848 |
||
| 001 | 17491646 | ||
| 003 | OSt | ||
| 005 | 20210621100451.0 | ||
| 008 | 121012s2014 maua 001 0 eng | ||
| 010 | _a 2012041146 | ||
| 020 | _a9780132994873 | ||
| 040 |
_aDLC _cDLC |
||
| 042 | _apcc | ||
| 050 | 0 | 0 |
_aHG4026 _b.F67 2014 |
| 082 | 0 | 0 |
_a658.15 _223 |
| 100 | 1 | _aKeown, Arthur J. | |
| 245 | 1 | 0 |
_aFoundations of finance : _bthe logic and practice of financial management / _cArthur J. Keown, John D. Martin, J. William Petty. |
| 250 | _a8th ed. | ||
| 260 |
_aBoston : _bPearson, _cc2014. |
||
| 300 |
_axxvi, 522 p. : _bcol. ill. ; _c29 cm. |
||
| 490 | 0 | _aThe Pearson series in finance | |
| 500 | _aIncludes index. | ||
| 650 | 0 |
_aCorporations _xFinance. |
|
| 700 | 1 |
_aMartin, John D., _d1945- |
|
| 700 | 1 |
_aPetty, J. William, _d1942- |
|
| 906 |
_a7 _bcbc _corignew _d1 _eecip _f20 _gy-gencatlg |
||
| 942 |
_2lcc _cBK _nSO |
||